000 00522nam a2200205Ia 4500
003 OSt
005 20230524145759.0
008 210423s1990 xx 000 0 und d
040 _cAL
041 _aeng
082 _a153.8
_223
_bSHAM
100 _aSHARMA (A K)
_9112550
245 _aMotivational dynamics
260 _aJaipur
_bKing Books
_c1990
365 _b175
_cINR
650 _aMental Process & Intelligence
_9112551
650 _aPsychology
_9112552
906 _adynamics. ; Motivational
942 _2ddc
_cBK
999 _c172866
_d172866